Civil litigation brief (Record no. 66925)

MARC details
000 -LEADER
fixed length control field 00715cam a2200229 4500
001 - CONTROL NUMBER
control field ABS63825
008 - FIXED-LENGTH DATA ELEMENTS--GENERAL INFORMATION
fixed length control field 000000n2001 000 0 eng u
035 ## - SYSTEM CONTROL NUMBER
System control number (Sirsi) u112437
100 ## - MAIN ENTRY--PERSONAL NAME
Personal name Exall, G.
245 ## - TITLE STATEMENT
Title Civil litigation brief
260 ## - PUBLICATION, DISTRIBUTION, ETC.
Date of publication, distribution, etc. 2001
490 ## - SERIES STATEMENT
Series statement Solicitors` Journal
Volume/sequential designation 145(16) 27 April 2001, 386-387(2)
520 ## - SUMMARY, ETC.
Summary, etc. Stresses the importance of professional practices ensuring that contigency plans are in place for dealing with problem cases promptly and efficiently.
590 ## - LOCAL NOTE (RLIN)
Local note ABS
650 ## - SUBJECT ADDED ENTRY--TOPICAL TERM
Topical term or geographic name entry element CONTINGENCY PLANNING
650 ## - SUBJECT ADDED ENTRY--TOPICAL TERM
Topical term or geographic name entry element RISK MANAGEMENT
650 ## - SUBJECT ADDED ENTRY--TOPICAL TERM
Topical term or geographic name entry element PROCEDURES
650 ## - SUBJECT ADDED ENTRY--TOPICAL TERM
Topical term or geographic name entry element FILES
650 ## - SUBJECT ADDED ENTRY--TOPICAL TERM
Topical term or geographic name entry element LITIGATION
690 ## - LOCAL SUBJECT ADDED ENTRY--TOPICAL TERM (OCLC, RLIN)
Topical term or geographic name as entry element MANAGEMENT-BUSINESS MANAGEMENT
942 ## - ADDED ENTRY ELEMENTS (KOHA)
Suppress in OPAC 0
Holdings
Withdrawn status Lost status Source of classification or shelving scheme Damaged status Not for loan Home library Current library Shelving location Date acquired Total Checkouts Full call number Barcode Date last seen Copy number Price effective from Koha item type
    Dewey Decimal Classification     London London Journal article 08/05/2001   ABS63825 112437-1001 06/08/2019 1 06/08/2019 Journal article